000 00436nam a22001697a 4500
005 20260106163139.0
008 160520b xxu||||| |||| 00| 0 eng d
020 _a978-0-07-070021-5
041 _aeng
082 _b621.381 5
100 _aMillman Jacob, Halkias, L. C & Jit, S.
_9873
245 _aElectronic devices and Circuits
260 _aNew Delhi
_bTMH,
300 _a748
650 _aDIPLOMA ENGINEERING
_9817
942 _cBK
999 _c1195
_d1195